000 00439nab a2200145Ia 4500
003 ES-SlBCS
005 20210601125450.0
008 140529s1982 xxu||||| |||| 00| 0 eng d
041 _aeng
100 1 _aAldrich, Virgil C.
_9132310
245 0 0 _aMaking something of something
_c Virgil C. Aldrich
600 1 4 _aGoodman, Nelson
_d, 1906-1998
_9138054
773 0 _tReview of Methaphysics
_gvol. 36, 1982, págs. 303-317
_wRev843
942 _cAR
999 _c530782
_d530782